000 01501cam a22004454i 4500
003 PE-LiUPU
005 20250731173126.0
008 150623s1970 miu r 000 0 eng d
035 _a(Sirsi) a25982
040 _aPE-LiUPU
_bspa
_cPE-LiUPU
_erda
049 _aPRUA
082 0 4 _a220.8
_bA3
_221
100 1 _aLockyer, Herbert,
_eautor.
245 1 0 _aAll the Children of the Bible.
_n3 /
_cHerbert Lockyer.
264 1 _aGrand Rapids :
_bZondervan Publishing House,
_c1970.
300 _a287 páginas ;
_c23 centímetros.
336 _atext
_2rdacontent
337 _aunmediated
_2rdamedia
338 _avolume
_2rdacarrier
490 0 _aThe All Series by Herbert Lockyer ;
_v3
505 0 _aEvaluation -- Exhortations -- Examples -- Emblems.
526 _aSEG42
526 _aSEG41
526 _aSEG40
526 _aSEG39
526 _aP94
526 _aP87
526 _aP86
526 _aP85
526 _aP77
526 _aP76
526 _aP35
650 1 4 _aNiños en la Biblia.
650 2 4 _aNiños
_xExseñanza bíblica.
942 _2ddc
_cBOOK
949 _a220.8 A3 3
_wDEWEY
_c1
_i51255
_lCCODEBUL1
_mBUL
_p15.00
_r0
_sY
_tBOOK
_u2015-06-24
_xTEOLOGIA
_PP35
_0COMPRA
_o.STAFF. Colección General
596 _a1
999 _a220.8 A3 3
_wDEWEY
_c32963
_i51255
_f2021-11-9
_g5
_lCCODEBUL1
_mBUL
_p15.00
_r0
_sY
_tBOOK
_u2015-6-24
_xTEOLOGIA
_PP35
_0COMPRA
_o.STAFF. Colección Teología
_d32963
980 _81
_gALBERTO SANCHEZ Responsable de Automatización